Strategic leadership for schools : creating and sustaining productive change

Saved in:
Bibliographic Details
Main Author: Mauriel, John J. 1932-
Format: Book
Language:English
Published: San Francisco : Jossey-Bass, 1989
Series:Jossey-Bass education series
Subjects:
Tags: Add Tag
No Tags, Be the first to tag this record!

MARC

LEADER 00000nam a2200000 i 4500
001 1/106073
008 000403s1989 eng d
020 |a 1-55542-184-9 
035 |l 10059489 
040 |a GR-MY-UA  |b gre  |e aacr 
041 0 |a eng 
082 0 |a 371.200973 
100 1 |a Mauriel, John J.  |d 1932- 
245 1 0 |a Strategic leadership for schools :  |b creating and sustaining productive change /  |c John J. Mauriel ; in collaboration with B. Dean Bowles, Barbara Benedict Bunker 
260 |a San Francisco :   |b Jossey-Bass,   |c 1989 
300 |a 353 p. 
490 1 |a Jossey-Bass education series 
650 0 0 |a School mamagement and organization  |z United States. 
650 0 0 |a Educational planning  |z United States. 
650 0 0 |a Educational innovations  |z United States. 
830 0 |a Jossey-Bass education series 
852 |a INST  |b RHODES  |e 20000403  |h 371.200973 MAU  |p 005400013389  |q 005400013389  |t BK  |y 0 
901 |a BIBL4-2000-1 
909 |a Ρ  |b 077339 
922 |a 4ΕΛΗ  |b 200003  |c ΚΠΣ/154  |d GLORY BOOKS 
970 |a ΚΟΥΛΑΚΙΟΤΗ  |b ΛΙΤΣΑ  |z 2000/04/03